000 00660nam a2200181Ia 4500
008 090630s9999 xx 000 0 und d
082 _b19959
100 _aढाकुलकर नाना.
245 _aज्योती कळस झळके.
_cढाकुलकर नाना.
260 _bअक्षय साहित्य - पुणे.
_c2001
300 _a28
600 _aढाकुलकर नाना.
630 _aज्योती कळस झळके.
655 _aबालवाङमय.
700 _aढाकुलकर नाना.
730 _aज्योती कळस झळके.
942 _cBOOK
999 _c271815
_d271815